Bundesligaspieler mit dem höchsten Marktwert nach Nationalität - Statistiken

Allgemein
  • Dieses Quiz wurde 315 mal gespielt
    153 seit der letzten Aktualisierung
  • Das Durchschnittsergebnis liegt bei 30 aus 57
Antwortstatistiken
Nationalität Verein Martkwert Spieler % Korrekt
England Bayern München 110 Mio. € Harry Kane
100%
Kanada Bayern München 70 Mio. € Alphonso Davies
98%
Deutschland Bayern München 110 Mio. € Jamal Musiala
98%
Südkorea Bayern München 60 Mio. € Min-jae Kim
95%
Schweiz Borussia Dortmund 40 Mio. € Gregor Kobel
92%
Frankreich Bayern München 65 Mio. € Kingsley Coman
92%
Niederlande RB Leipzig 70 Mio. € Xavi Simons
92%
Spanien RB Leipzig 50 Mio. € Dani Olmo
91%
Nigeria Bayer 04 Leverkusen 40 Mio. € Victor Boniface
90%
Guinea VfB Stuttgart 40 Mio. € Serhou Guirassy
87%
Belgien RB Leipzig 55 Mio. € Loïs Openda
86%
Argentinien Bayer 04 Leverkusen 40 Mio. € Exequiel Palacios
83%
Österreich Bayern München 28 Mio. € Konrad Laimer
80%
Burkina Faso Bayer 04 Leverkusen 40 Mio. € Edmond Tapsoba
78%
Tschechien Bayer 04 Leverkusen 22 Mio. € Patrik Schick
74%
Marokko Bayern München 30 Mio. € Noussair Mazraoui
73%
Dänemark VfL Wolfsburg 25 Mio. € Jonas Wind
70%
Slowenien RB Leipzig 30 Mio. € Benjamin Sesko
69%
Vereinigte Staaten Borussia Dortmund 20 Mio. € Giovanni Reyna
68%
Ecuador Bayer 04 Leverkusen 35 Mio. € Piero Hincapié
66%
Italien SC Freiburg 12 Mio. € Vincenzo Grifo
66%
Japan VfB Stuttgart 22 Mio. € Hiroki Ito
64%
Türkei Borussia Dortmund 13 Mio. € Salih Özcan
60%
Bosnien-Herzegowina FC Augsburg 20 Mio. € Ermedin Demirovic
59%
Portugal Bayern München 15 Mio. € Raphaël Guerreiro
58%
Norwegen Borussia Dortmund 15 Mio. € Julian Ryerson
57%
Ägypten Eintracht Frankfurt 15 Mio. € Omar Marmoush
55%
Ungarn SC Freiburg 12 Mio. € Roland Sallai
52%
Suriname Union Berlin 12 Mio. € Sheraldo Becker
52%
Kamerun Bayern München 3 Mio. € Eric Maxim Choupo-Moting
50%
Kroatien VfL Wolfsburg 25 Mio. € Lovro Majer
49%
Schweden Eintracht Frankfurt 28 Mio. € Hugo Larsson
48%
Elfenbeinküste Bayer 04 Leverkusen 35 Mio. € Odilon Kossounou
48%
DR Kongo VfB Stuttgart 10 Mio. € Silas
48%
Israel Bayern München 4 Mio. € Daniel Peretz
46%
Mali RB Leipzig 17 Mio. € Amadou Haidara
45%
Tunesien Eintracht Frankfurt 13 Mio. € Ellyes Skhiri
45%
Brasilien Eintracht Frankfurt 15 Mio. € Tuta
44%
Senegal Bayern München 2 Mio. € Bouna Sarr
42%
Luxemburg 1. FSV Mainz 05 14 Mio. € Leandro Barreiro
42%
Polen VfL Wolfsburg 10 Mio. € Jakub Kaminski
34%
Algerien Eintracht Frankfurt 15 Mio. € Farès Chaïbi
33%
Kolumbien Werder Bremen 8 Mio. € Rafael Borré
30%
Togo TSG 1899 Hoffenheim 4 Mio. € Ihlas Bebou
29%
Ukraine VfL Bochum 3 Mio. € Ivan Ordets
20%
Serbien VfL Bochum 8 Mio. € Erhan Masovic
17%
Finnland FC Augsburg 3,5 Mio. € Fredrik Jensen
15%
Albanien SV Darmstadt 98 0,5 Mio. € Klaus Gjasula
15%
Ghana SC Freiburg 6 Mio. € Daniel-Kofi Kyereh
14%
Kosovo 1. FC Köln 2 Mio. € Leart Paqarada
12%
Costa Rica VfL Bochum 0,6 Mio. € Cristian Gamboa
11%
Slowakei VfL Bochum 3,5 Mio. € Matus Bero
11%
Schottland SV Darmstadt 98 1,8 Mio. € Fraser Hornby
9%
Guadeloupe Union Berlin 2,5 Mio. € Jérôme Roussillon
9%
Griechenland 1. FC Köln 0,9 Mio. € Dimitrios Limnios
8%
Armenien Borussia Mönchengladbach 1 Mio. € Grant-Leon Ranos
8%
Reunion 1. FSV Mainz 05 7 Mio. € Ludovic Ajorque
7%
Keine übereinstimmenden Quizze gefunden
Verteilung der Resultate
Anzahl Personen mit jedem Resultat
Perzentil nach korrekt beantworteten Fragen
Ihre Resultats-Entwicklung
Sie haben dieses Quiz seit der letzten Aktualisierung nicht gespielt